000 01303cab a2200229 4500
001 ##L131486
008 051107n2005 000 0 eng u
035 _a(Sirsi) u131486
041 0 _aeng
100 1 _aFrancis, Andrew
245 0 4 _aThe construction of buildings which interfere with third-party rights and the risk of injunctions and claims for damages
260 _c2005
490 0 _aJournal of Building Appraisal
_v1(3) September 2005, 274-281(8)
520 _aExamines the risk to development projects from the infringement of third party rights, particularly rights of light and restrictive covenants, in view of the decisions in "Deakins v Hookings" ([1994] 14 EG 133, Abs50462), "Mortimer v Bailey" ([2004] EWCA Civ 1514, Abs68661) and "Midtown v City of London Real Property Co Ltd" ([2005] EWHC 33 (Ch), L128821). Assesses the risk factor involved during the various stages of the development, and provides a checklist of steps to be taken to lessen or remove the risk of an injunction being obtained by the owner of neighbouring property.
590 _aIKA081105
650 2 4 _aMORTIMER V BAILEY
650 2 4 _aMIDTOWN LTD V CITY OF LONDON REAL PROPERTY CO LTD
650 2 4 _aDEAKINS V HOOKINGS
650 2 4 _aRIGHTS TO LIGHT
690 _aBoundary disputes
_96221
942 _n0
999 _c76114
_d76114